Najbardziej prawdopodobne państwa urodzenia - Whammies - Statystyki

Ogólne statystyki
  • Ten quiz został rozwiązany 15 razy
  • Średni wynik to 10 z 21
Statystyki odpowiedzi
% Państwo % Poprawnych
6.8 Chiny
100%
17.6 Indie
93%
2.7 Stany Zjednoczone
87%
2.0 Brazylia
80%
5.8 Nigeria
80%
2.7 Bangladesz
73%
1.5 Meksyk
73%
3.4 Indonezja
67%
3.4 Demokratyczna Republika Konga
60%
5.3 Pakistan
60%
3.2 Etiopia
47%
1.1 Wietnam
47%
1.8 Egipt
40%
1.4 Filipiny
33%
1.2 Kenia
27%
1.8 Tanzania
27%
1.3 Sudan
20%
1.3 Uganda
20%
1.1 Angola
7%
1.1 Jemen
7%
1.1 Afganistan
0%
Nie znaleziono quizów pasujących do podanych kryteriów
Rozkład punktacji
Procent ludzi z każdym wynikiem
Percentyl według liczby udzielonych odpowiedzi
Twoja historia wyników
Nie rozwiązałeś tego quizu